Trouvez l'intrus - Drapeaux et pays du monde - Statistiques

Statistiques générales
  • Ce quiz a été pris 82 fois
  • Le résultat moyen est 11 sur 25
Statistiques - réponses
Question Réponse % Correct
Parle italien
72%
Parle espagnol
72%
Porte le nom de code de la capitale d'un pays (La Casa de Papel)
72%
Partage une frontière avec la France
62%
Parle portugais
62%
Ancienne colonie britannique
61%
Ancienne colonie française
61%
Pays européen
59%
Pays membres de l'Union Soviétique (3/3)
58%
Partage une frontière avec la Russie
46%
Pays se situant dans les Balkans aborigènes
46%
Autres pays se situant dans les Balkans
46%
Pays pris par l'Allemagne nationaliste socialiste
46%
Pays membres de l'Union Soviétique (2/3)
45%
Pays membres de l'Union Soviétique (1/3)
43%
Plus grand pays de son continent (en terme de superficie)
41%
Possède un drapeau non rectangulaire
39%
Pays entièrement entourés par un seul et même pays
38%
Pays se situant dans les Balkans slaves
36%
Pays non-membres de l'Union Européenne
34%
Pays nordiques sur le continent (qui n'est pas une île)
30%
Pays au centre de l'Afrique
26%
Est une partie du Royaume-Uni
18%
Dans les trois pays avec le plus de patrimoine UNESCO
18%
Pays exclus des Jeux Olympiques de Paris 2024
9%
Aucun quiz correspondant
Distribution des résultats
% des personnes avec chaque résultat
Percentile par nombre de réponses
Votre historique - résultats
Vous n’avez pas pris ce quiz